zpět

Detail výsledku týmu

Pardubický Pub PO, Pardubice

Datum a čas kvízu

18 Celkem bodů Celkový počet nahraných bodů na tomto kvízu bez doplňovacích otázek.
10. Pořadí na kvízu Konečné umístění týmu na tomto kvízu.

Zaznamenané odpovědi

# Otázka Odpověď Body Výsledky
1. Ve středu schválila česká sněm... 6 bodů 0
2. Turistický spolek jisté země v... Mongolsko 0
3. Která česká kapela ve čtvrtek... Olympic 0
4. Na valné hromadě které společn... ČEZ 0
5. Slavný cyklistický závod Tour... ve Španělsku 0
6. Název stavebnice pochází z dán... B 0
7. Veškerá světová produkce Lega... C 0
8. Svého ztvárnění z Lega se dočk... Marty McFly 1
9. Speciální sady stavebnice krom... Bradavice 1
10. Mezi největší stavby, které lz... A 0